00990nam a2200277 a 450000100100000000500170001000800410002702000150006802000150008304000250009804100390012308200190016210000270018124000470020824501170025526000370037230000210040953400560043050500220048665000660050865000430057470000280061770000410064504900090068699900170069500002366620200930022401.0101217s1981 mx 000 0 spa d a9681305612 a9681305612 aDO-SdBNPbspacBNPHU17aspaheng2Código de idiomas MARC a370.102bS785i1 aStanford, Gene.94875410aHuman interaction in education.lEspañol10aInteracción humana en la educación /cGene Stanford y Albert E. Roark ; traducción Xavier Ochoa Álvarez. aMéxico, D. F. :bDiana,c1981. a350 p. ;c22 cm. aTítulo original :tHuman interaction in education0 aIncluye índice. 4aAnálisis del proceso de integración en educación948755 4aTrabajo en grupos (educación)9487561 aRoark, Albert E.9487571 aOchoa Álvarez, Xavier,etr.948758 aBNGR c23162d23162